| 000 | 01031cam a22003135a 4500 | ||
|---|---|---|---|
| 001 | 2049447 | ||
| 005 | 20150531142024.0 | ||
| 008 | 930611r20041993enka frb f001 0 eng d | ||
| 020 | _a9780198773207 | ||
| 020 | _a019877320X | ||
| 040 |
_aDLC _cDLC _dDLC _dEG-ScBUE |
||
| 082 | 0 | 0 |
_a330.015195 _222 _bGRA |
| 100 | 1 |
_aGranger, C. W. J. _q(Clive William John), _d1934-2009 _938098 |
|
| 245 | 1 | 0 |
_aModelling nonlinear economic relationships / _cClive W. J. Granger and Timo Terasvirta. |
| 260 |
_aOxford ; _aNew York : _bOxford University Press, _c2004. |
||
| 300 |
_ax, 187 p. : _bill. ; _c25 cm. |
||
| 490 | 0 | _aAdvanced texts in econometrics | |
| 500 | _aSeries statement from jacket. | ||
| 500 | _aReprint of the 1993 ed. | ||
| 500 | _aIndex : p.181-187. | ||
| 504 | _aBibliography : p. [168]-179. | ||
| 650 | 0 |
_aEconometric models. _2BUEsh |
|
| 650 | 0 |
_aNonlinear theories. _2BUEsh _96166 |
|
| 651 | _2BUEsh | ||
| 653 |
_bBUSECO _cMay2015 |
||
| 655 |
_vreading book _934232 |
||
| 700 | 1 | _aTerasvirta, Timo. | |
| 942 | _2ddc | ||
| 999 |
_c19468 _d19440 |
||